Urban labor economics (Registro nro. 601)
[ vista simple ]
| 000 -LEADER | |
|---|---|
| fixed length control field | 01174 a2200217 4500 |
| 001 - CONTROL NUMBER | |
| control field | 14674 |
| 005 - DATE AND TIME OF LATEST TRANSACTION | |
| control field | 20260407155448.0 |
| 008 - FIXED-LENGTH DATA ELEMENTS--GENERAL INFORMATION | |
| fixed length control field | 260407a2009 arg spa d |
| 003 - CONTROL NUMBER IDENTIFIER | |
| control field | AR-UNSa-BCEJYS |
| 040 ## - CATALOGING SOURCE | |
| Original cataloging agency | AR-UNSa-BCEJYS |
| Language of cataloging | spa |
| Transcribing agency | AR-UNSa-BCEJYS |
| 080 ## - UNIVERSAL DECIMAL CLASSIFICATION NUMBER | |
| Universal Decimal Classification number | 331.101.26 |
| Common auxiliary subdivision | Economía del trabajo |
| 020 ## - INTERNATIONAL STANDARD BOOK NUMBER | |
| International Standard Book Number | 978-0-521-69822-1 |
| 100 1# - MAIN ENTRY--PERSONAL NAME | |
| Personal name | Zenou, Yves |
| 245 10 - TITLE STATEMENT | |
| Title | Urban labor economics |
| 264 #1 - PRODUCTION, PUBLICATION, DISTRIBUTION, MANUFACTURE, AND COPYRIGHT NOTICE | |
| Place of production, publication, distribution, manufacture | Cambridge : |
| Name of producer, publisher, distributor, manufacturer | Cambridge University Press |
| Date of production, publication, distribution, manufacture, or copyright notice | 2009 |
| 300 ## - PHYSICAL DESCRIPTION | |
| Extent | xiii, 509 p. |
| Dimensions | 23 cm. |
| 505 ## - FORMATTED CONTENTS NOTE | |
| Formatted contents note | 1. Simple models of urban search-matching - 2. Extensions of urban search-matching models - 3. Non-monocentric cities and search-matching - 4. Simple models of urban efficiency wages - 5. Extensions of urban efficiency wage models - 6. Non-monocentric cities and efficiency wages - 7. The spatial mismatch hypothesis: A search-matching approach - 8. The spatial mismatch hypothesis: an efficiency-wage approach - 9. Peer effects, social networks, and labor market outcomes in cities |
| 590 ## - LOCAL NOTE (RLIN) | |
| Local note | niveau_biblio:m niveau_hierar:0 |
| 856 41 - ELECTRONIC LOCATION AND ACCESS | |
| Uniform Resource Identifier | <a href="https://biblioeco.unsa.edu.ar/pmb/images/libros/Urban labor economics-l118963.jpg">https://biblioeco.unsa.edu.ar/pmb/images/libros/Urban labor economics-l118963.jpg</a> |
| Link text | Imagen de portada |
| Electronic format type | image/jpeg |
| 942 ## - ADDED ENTRY ELEMENTS (KOHA) | |
| Koha item type | |
| Withdrawn status | Lost status | Damaged status | Not for loan | Home library | Current library | Shelving location | Date acquired | Total checkouts | Full call number | Barcode | Date last seen | Price effective from | Koha item type |
|---|---|---|---|---|---|---|---|---|---|---|---|---|---|
| Biblioteca Prof. Eusebio Cleto del Rey | Biblioteca Prof. Eusebio Cleto del Rey | 07/04/2026 | 331.101.26 Z55 | L118962 | 07/04/2026 | 07/04/2026 | Libro | ||||||
| Biblioteca Prof. Eusebio Cleto del Rey | Biblioteca Prof. Eusebio Cleto del Rey | 07/04/2026 | 331.101.26 Z55 | L118963 | 07/04/2026 | 07/04/2026 | Libro |